FIVB Volleyball World Grand Prix Top 4 Positions - Statistics

General Stats
  • This quiz has been taken 98 times
  • The average score is 11 of 13
Answer Stats
Winner % Correct
Japan
100%
Brazil
99%
China
96%
United States
96%
Italy
95%
Russia
95%
Serbia
88%
South Korea
81%
Turkey
81%
Cuba
80%
Germany
79%
Netherlands
79%
Thailand
64%
No matching quizzes found
Score Distribution
Percent of People with Each Score
Percentile by Number Answered
Your Score History
You have not taken this quiz